00898nam a2200253Ia 450000500170000000800410001702000180005810000280007624500610010425000230016530000190018865000440020765000340025165000300028594200120031526400320032733600270035933700330038633800280041904000350044708400120048299900150049495201350050920220317000056.0141031s9999 xx 000 0 und d a978958704440910aSánchez Baute, Alonso10aAl diablo la maldita primavera c Alonso Sánchez Baute a1a ed., 2a reimpr. a276 páginas 14a Homosexualidad en la literatura 2LEMB14a Literatura colombiana 2LEMB14a Novela colombiana 2LEMB 2loccBK aBogotá bAlfaguara c2014 atextobtxt2rdacontent asin mediaciónbn2rdamedia avolumenbnc2rdacarrier aCO-BoRNBPbspaerdacCO-BoRNBP aN SAN10 c3054d3054 00102ddc40708GENaMECASARIb50001cLITd2024-11-16l1oSAN10pBM0000657r2026-03-06 19:49:10s2026-03-06tEj.1w2024-11-16yBK